000 00667nam a2200289Ia 4500
005 20260324124055.0
008 008 260324s9999 xx 000 0 eng d
020 _a9781315574806
037 _aEBOOK
040 _aCRL
040 _beng
040 _cCRL
041 _2eng
041 _aeng
084 _qCRL
100 _aMichael Head
_91042954
245 0 _aCrimes Against The State
245 0 _bFrom Treason to Terrorism
260 _bTaylor and Francis
260 _c2011
365 _a
365 _b255
856 _uhttp://www.taylorfrancis.com/books/9781315574806
942 _cEBOOK
999 _c1766834
_d1766834